| 000 | 01330nam a2200289 c 4500 | ||
|---|---|---|---|
| 003 | BLK | ||
| 005 | 20180422105617.0 | ||
| 008 | 180409b bul|||||r ||||||| ||bul|| | ||
| 010 | _aKNG00109760000 | ||
| 040 | _aBLK | ||
| 041 |
_aBUL _cBUL |
||
| 080 |
_aЕритематозни и люспести заболявания на кожата - Еритродермия, еритема, екзантема, уртикария, пруриго (сърбеж), лишеи (лихен), невродермит, псориазис и др. _b616.51 _x _z616.51 |
||
| 100 | 1 |
_aЗлатков, Никола Ботев _eпърви автор _9364347 |
|
| 139 |
_aЗлатков, Никола Ботев _bЗ 73 |
||
| 245 | 1 | 0 |
_aПсориазис _bМоногр. _cНикола Ботев Златков. |
| 257 | _aBGR | ||
| 260 |
_аСофия _bМедицина и физкултура _c1984 _fПловдив : Д. Благоев |
||
| 300 |
_a131 с. _bс табл., сх., диагр., 4 л. ил. _c22 см |
||
| 380 | _a61 | ||
| 500 | _a1 105 тир. - Библиогр. с. 115-125; Рез. на рус., англ. ез. | ||
| 650 | 4 |
_aПсориазис _9168434 |
|
| 852 | _aЦб 126403 | ||
| 856 | 4 |
_qpdf _u |
|
| 856 | 4 |
_qpdf _u |
|
| 942 |
_cKNG _n0 |
||
| 944 |
_aCR _c21.10.2016 _kГрета_Цуфелде |
||
| 944 |
_aED _c21.10.2016 _kГрета_Цуфелде |
||
| 999 |
_c104650 _d104650 |
||